00267nam a2200109Ia 4500008004100000020002200041245002400063250002200087260001800109260001000127300002000137191206s9999 xx 000 0 und d a0375708359 (pbk.) 3aAn Area Of Darkness aVintage Books ed. aVintage Books cc2002 a290 p. ; 21 cm.